| 000 -LEADER |
| fixed length control field |
03690cam a22004695i 4500 |
| 001 - CONTROL NUMBER |
| control field |
11686041 |
| 005 - DATE AND TIME OF LATEST TRANSACTION |
| control field |
20180926093739.0 |
| 006 - FIXED-LENGTH DATA ELEMENTS--ADDITIONAL MATERIAL CHARACTERISTICS |
| fixed length control field |
m d |
| 007 - PHYSICAL DESCRIPTION FIXED FIELD--GENERAL INFORMATION |
| fixed length control field |
cr n |
| 008 - FIXED-LENGTH DATA ELEMENTS--GENERAL INFORMATION |
| fixed length control field |
151029s2015 gw | s |||| 0|eng d |
| 020 ## - INTERNATIONAL STANDARD BOOK NUMBER |
| International Standard Book Number |
9783319242804 |
| 020 ## - INTERNATIONAL STANDARD BOOK NUMBER |
| International Standard Book Number |
9783319242781 (print) |
| 024 7# - OTHER STANDARD IDENTIFIER |
| Standard number or code |
10.1007/978-3-319-24280-4 |
| Source of number or code |
doi |
| 035 ## - SYSTEM CONTROL NUMBER |
| System control number |
(WaSeSS)ssj0001584294 |
| 040 ## - CATALOGING SOURCE |
| Modifying agency |
WaSeSS |
| 050 #4 - LIBRARY OF CONGRESS CALL NUMBER |
| Classification number |
QA76.6-76.66 |
| 072 #7 - SUBJECT CATEGORY CODE |
| Subject category code |
UM |
| Source |
bicssc |
| 072 #7 - SUBJECT CATEGORY CODE |
| Subject category code |
COM051000 |
| Source |
bisacsh |
| 082 04 - DEWEY DECIMAL CLASSIFICATION NUMBER |
| Classification number |
005.11 |
| Edition number |
23 |
| 100 1# - MAIN ENTRY--PERSONAL NAME |
| Personal name |
Dathan, Brahma. |
| Relator term |
author. |
| 210 10 - ABBREVIATED TITLE |
| Abbreviated title |
Object-Oriented Analysis, Design and Implementation |
| 245 10 - TITLE STATEMENT |
| Title |
Object-Oriented Analysis, Design and Implementation |
| Medium |
[electronic resource] : |
| Remainder of title |
An Integrated Approach |
| Statement of responsibility, etc. |
by Brahma Dathan, Sarnath Ramnath. |
| 250 ## - EDITION STATEMENT |
| Edition statement |
2nd ed. |
| 260 ## - PUBLICATION, DISTRIBUTION, ETC. |
| Place of publication, distribution, etc. |
New York |
| Name of publisher, distributor, etc. |
Springer |
| Date of publication, distribution, etc. |
2015 |
| 490 1# - SERIES STATEMENT |
| Series statement |
Undergraduate Topics in Computer Science, |
| International Standard Serial Number |
1863-7310 |
| 505 0# - FORMATTED CONTENTS NOTE |
| Formatted contents note |
Preface to the Second Edition -- Preface to the First Edition -- Part I: Basic Object-Oriented Concepts -- Introduction -- Basics of Object-Oriented Programming -- Relationships Between Classes -- Language Features for Object-Oriented Implementation -- Part II: Introduction to Object-Oriented Analysis, Design, Implementation and Refactoring -- Elementary Design Patterns -- Analysing a System -- Design and Implementation -- How ‘Object-Oriented’ is Our Design? -- Part III: Advanced Concepts in Object-Oriented Design -- Exploring Inheritance -- Modelling with Finite State Machines -- Interactive Systems and the MVC Architecture -- Designing with Distributed Objects -- The Unified Modelling Language -- Appendix A.-Index. |
| 506 ## - RESTRICTIONS ON ACCESS NOTE |
| Terms governing access |
License restrictions may limit access. |
| 520 ## - SUMMARY, ETC. |
| Summary, etc. |
The second edition of this textbook includes revisions based on the feedback on the first edition. In a new chapter the authors provide a concise introduction to the remainder of UML diagrams, adopting the same holistic approach as the first edition. Using a case-study-based approach for providing a comprehensive introduction to the principles of object-oriented design, it includes: A sound footing on object-oriented concepts such as classes, objects, interfaces, inheritance, polymorphism, dynamic linking, etc. A good introduction to the stage of requirements analysis Use of UML to document user requirements and design An extensive treatment of the design process Coverage of implementation issues Appropriate use of design and architectural patterns Introduction to the art and craft of refactoring Pointers to resources that further the reader's knowledge The focus of the book is on implementation aspects, without which the learning is incomplete. This is achieved through the use of case studies for introducing the various concepts of analysis and design, ensuring that the theory is never separate from the implementation aspects. All the main case studies used in this book have been implemented by the authors using Java. An appendix on Java provides a useful short tutorial on the language. |
| 650 #0 - SUBJECT ADDED ENTRY--TOPICAL TERM |
| Topical term or geographic name entry element |
Computer science. |
| 650 #0 - SUBJECT ADDED ENTRY--TOPICAL TERM |
| Topical term or geographic name entry element |
Computer programming. |
| 650 14 - SUBJECT ADDED ENTRY--TOPICAL TERM |
| Topical term or geographic name entry element |
Computer Science. |
| 650 24 - SUBJECT ADDED ENTRY--TOPICAL TERM |
| Topical term or geographic name entry element |
Programming Techniques. |
| 700 1# - ADDED ENTRY--PERSONAL NAME |
| Personal name |
Ramnath, Sarnath. |
| Relator term |
author. |
| 710 2# - ADDED ENTRY--CORPORATE NAME |
| Corporate name or jurisdiction name as entry element |
SpringerLink (Online service) |
| 773 0# - HOST ITEM ENTRY |
| Title |
Springer eBooks |
| 773 #0 - HOST ITEM ENTRY |
| Title |
SpringerLINK ebooks - Computer Science (2015) |
| 776 08 - ADDITIONAL PHYSICAL FORM ENTRY |
| Relationship information |
Printed edition: |
| International Standard Book Number |
9783319242781 |
| 830 #0 - SERIES ADDED ENTRY--UNIFORM TITLE |
| Uniform title |
Undergraduate Topics in Computer Science, |
| 856 40 - ELECTRONIC LOCATION AND ACCESS |
| Uniform Resource Identifier |
<a href="http://www.columbia.edu/cgi-bin/cul/resolve?clio11686041">http://www.columbia.edu/cgi-bin/cul/resolve?clio11686041</a> |
| Public note |
Full text available from SpringerLINK ebooks - Computer Science (2015) |
| 910 ## - USER-OPTION DATA (OCLC) |
| User-option data |
Vendor-generated brief record |
| 942 ## - ADDED ENTRY ELEMENTS (KOHA) |
| Source of classification or shelving scheme |
|
| Koha item type |
Book |